แสดงรายละเอียดบรรณานุกรม
  กลับหน้าหลัก

Brief Record : Get Marc (ISO 2709) : E-mail record : QR code ปิดหน้าต่าง
E-books : เกี่ยวกับ Collections
LEADER 00000nam 2200000uu 4500
008    130616s||||||||th 000 0 tha d
020    ^a9749962648
041 0  ^atha
090    ^aนว ซ149ค
100 0  ^aซันท์ อูน,รี
245 00 ^aคือท่วงทำนองของความรัก 2/^bLee Sung Eun,เขียน;ปลายฝัน อันติกา,ผู้เรียบเรียง
260    ^aกรุงเทพฯ :^bแจ่มใส,^c[ม.ป.ป]
300    ^a269 หน้า
650  0 ^aนวนิยายแปล.
700 0  ^aSung Eun, Lee
700 0  ^aปลายฝัน อันติกา,ผู้เรียบเรียง.
999    ^aใช้งานได้ทุกระบบ
รายการนี้ยังไม่มีแท็ก
คุณยังไม่ได้ล็อกอิน คุณสามารถมีกิจกรรมร่วมกับเว็บไซต์ได้ แต่ต้องล็อกอินก่อน ::
  ล็อกอิน
ลำดับที่ ประเภท เลขเรียก สถานที่ สถานะ
1. นวนิยาย
นวนิยาย
นว ซ149ค  
  
หนังสือทั่วไป On Shelf
  ขอยืม
2. นวนิยาย
นวนิยาย
นว ซ149ค ฉ.2 
  
หนังสือทั่วไป On Shelf
  ขอยืม
3. นวนิยาย
นวนิยาย
นว ซ149ค ฉ.3 
  
หนังสือทั่วไป On Shelf
  ขอยืม
4. นวนิยาย
นวนิยาย
นว ซ149ค ฉ.4 
  
หนังสือทั่วไป On Shelf
  ขอยืม
5. นวนิยาย
นวนิยาย
นว ซ149ค ฉ.5 
  
หนังสือทั่วไป On Shelf
  ขอยืม
   [แสดง 5/5 รายการ]

BibComment


ยังไม่เคยถูกคอมเมนท์

คอมเมนท์ทรัพยากรรายการนี้
  คอมเมนท์: คือท่วงทำนองของค..
Bib 209001

 
 
 

 Union Library Management : ULibM
Copyright 2026. All Rights Reserved.
скачать бесплатно без регистрации порно красивый секс HD Sex Hindi sex

xxx gou

xxxx

bfxxx

xxxwww

Секса Видео

xxxx

Секса Видео

detube

geilexxx

C99 Shell

worms shell

blod xxx video
Ebony Coed Rihanna Rimes Takes A Dick In Her Young Twat priyaa indian fuck anal and pusssy hardcore indian women xxx desi hardcore fucking part 1 bengalixxxcouple